000 00671nam a2200289Ia 4500
005 20260324120132.0
008 008 260324s9999 xx 000 0 eng d
020 _a9780429347085
037 _aEBOOK
040 _aCRL
040 _beng
040 _cCRL
041 _2eng
041 _aeng
084 _qCRL
100 _aRichard Fairhead
_91157377
245 0 _aInformation Exchanges
245 0 _bRIBA Plan of Work 2013 Guide
260 _bTaylor and Francis
260 _c2015
365 _a
365 _b200
856 _uhttp://www.taylorfrancis.com/books/9780429347085
942 _cEBOOK
999 _c1748729
_d1748729